Nationalmannschaften mit den meisten Siegen bei Europameisterschaften - Statistiken

Allgemein
  • Dieses Quiz wurde 52 mal gespielt
    29 seit der letzten Aktualisierung
  • Das Durchschnittsergebnis liegt bei 10 aus 11
Antwortstatistiken
Siegen Mannschaft % Korrekt
18 England
100%
23 Frankreich
100%
22 Italien
100%
23 Niederlande
100%
21 Portugal
100%
28 Spanien
100%
30 Westdeutschland / Deutschland
100%
12 Belgien
90%
13 Russland / Sowjetunion
86%
10 Dänemark
83%
15 Tschechien / Tschechoslowakei
83%
Keine übereinstimmenden Quizze gefunden
Verteilung der Resultate
Anzahl Personen mit jedem Resultat
Perzentil nach korrekt beantworteten Fragen
Ihre Resultats-Entwicklung
Sie haben dieses Quiz seit der letzten Aktualisierung nicht gespielt